000 00300nas a2200121 4500
005 20211030122510.0
008 211030b ||||| |||| 00| 0 eng d
022 _a0971-3336
040 _c
245 _aPsychology & developing societies
260 _aSage Publication
_bMar 2021
942 _2ddc
_cPR
999 _c220310
_d220310